00696nas a2200229Ia 4500001001600000003001000016008004100026040002500067041001300092100002300105210001900128222001900147245003600166250001100202260000900213501012300222300001400345362002300359500003700382650002000419700002700439A50/R191-31158 IT-MiCISF161014c99999999xx |||||||||||| ||und|| aIT-MiCISFcIT-MiCISF aITALIANO aFiocchi M.Cristina aSì alla vita aSì alla vita 0aCinque anni di Evangelium Vitae a1a ed. c2000 bCISF - Centro Internazionale Studi Famiglia - Via Giotto, 36 20145 MILANO (non commercial uses only)cCopyright 2016 app. 22-33 an. 3, marzo [2000] a Tema: aborto, società, chiesa aABORTOvdossier a Liverani Pier Giorgio